| 000 | 02318cam a22004694i 4500 | ||
|---|---|---|---|
| 003 | PE-LiUPU | ||
| 005 | 20250731165442.0 | ||
| 008 | 160914s2016 pe a grm 000 0 spa d | ||
| 035 | _a(Sirsi) a163468 | ||
| 040 |
_aPE-LiUPU _bspa _cPE-LiUPU _erda |
||
| 099 |
_aTPS 2 _bY38 2016 |
||
| 100 | 1 |
_aYauri Yancachajlla, Diego José, _eautor |
|
| 245 | 1 |
_aSatisfacción con la vida y estrategias de afrontamiento en adolescentes universitarios de una universidad privada de Lima, 2015 / _cDiego José Yauri Yancachajlla. |
|
| 264 | 0 | _c2016. | |
| 300 |
_a94 hojas _c30 cm |
||
| 336 |
_atext _2rdacontent |
||
| 337 |
_aunmediated _2rdamedia |
||
| 338 |
_avolume _2rdacarrier |
||
| 502 |
_aTesis _b(Lic.) -- _cUniversidad Peruana Unión, _d2016. |
||
| 504 | _aIncluye referencias | ||
| 520 | 3 | _aEl objetivo del presente estudio fue evaluar la relación entre la satisfacción con la vida y las estrategias de afrontamiento en 216 adolescentes de una universidad privada de Lima entre 16 y 22 años. El estudio fue de tipo correlacional y los instrumentos de evaluación fueron la Escala de Satisfacción con la Vida-SWLS (Diener, Emmons, Larsen & Griffin, 1985) y el Cuestionario de Modos de Afrontamiento al Estés- COPE (Carver, Sheier & Weintraub, 1989). En cuanto a la satisfacción con la vida y las estrategias de afrontamiento los resultados pusieron de manifiesto que solo existe relación significativa, con el afrontamiento activo (r=,144; p<0.05) y la reinterpretación positiva y desarrollo personal (r=,150; p<0.05). En relación a la satisfacción con la vida y el estilo enfocados en el problema y la emoción no se encontró relación significativa. | |
| 526 | _aSEG44 | ||
| 526 | _aSEG26 | ||
| 526 | _aP151 | ||
| 526 | _aP150 | ||
| 526 | _aP149 | ||
| 526 | _aP146 | ||
| 526 | _aP145 | ||
| 526 | _aP126 | ||
| 526 | _aP125 | ||
| 526 | _aP92 | ||
| 526 | _aP75 | ||
| 526 | _aP74 | ||
| 526 | _aP27 | ||
| 526 | _aP15 | ||
| 650 | 0 | 4 |
_aAdolescentes _xAutorrealización |
| 650 | 0 | 4 |
_aAdolescentes _xAdaptación (Psicología) |
| 700 | 1 |
_aVargas Barrios, Mario Fredy _eautor |
|
| 596 | _a1 | ||
| 942 |
_2ddc _cTESIS |
||
| 999 |
_aTPS 2 Y38 2016 _wALPHANUM _c12343 _iT02018 _lCCODEBUL3 _mBUL _r1 _sY _tTESIS _u2016-9-14 _xEDUCACION _PP33 _o.STAFF. Tesis _d12343 |
||
| 980 |
_81 _gALBERTO SANCHEZ Responsable de Automatización |
||